000 nam a22 7a 4500
999 _c9462
_d9462
008 180131b ||||| |||| 00| 0 eng d
100 _aManchanda, R P
_95636
245 _aScience sollution Chemistry - IX
260 _aNew delhi
_bRachna sagar Publication
_c2008